50 Million People on a Map Quiz Stats

 Plays Quiz Updated Feb 25, 2016

Challenge
Share
Tweet
Score 0/27 Timer 03:00
28 Plays Today
% Correct
United States
99.6%
China
99.1%
Russia
98.7%
Brazil
98.3%
India
97.9%
France
94.8%
Mexico
94.8%
Germany
93.8%
United Kingdom
92.7%
Japan
90.3%
South Africa
86.7%
Egypt
85.6%
Indonesia
82.2%
Italy
81.9%
% Correct
Iran
80.5%
Pakistan
79.5%
Turkey
77.9%
Nigeria
75.1%
Vietnam
65.4%
Thailand
64.9%
South Korea
64.2%
Bangladesh
61.5%
Dem. Rep. of the Congo
56.9%
Ethiopia
54.7%
Philippines
54.1%
Myanmar
40.1%
Tanzania
26.9%

You're not logged in!

Compare scores with friends on all Sporcle quizzes.
OR
Log In

You Might Also Like...

Show Comments

Extras

Top Quizzes Today


Score Distribution

Your Account Isn't Verified!

In order to create a playlist on Sporcle, you need to verify the email address you used during registration. Go to your Sporcle Settings to finish the process.

Report this User

Report this user for behavior that violates our Community Guidelines.

Details: